000 01185naa a22003257a 4500
001 BR8103085
003 BR-BrBNA
005 20240918174735.0
007 ta
008 230509b bl.||||| |||| 00| 0 por d
040 _aBR-BrBNA
_bpor
_cBiblioteca Nacional de Agricultura
041 _a(Pt)
072 _aL30
_b8954
_b0170
_b6100
090 _aL30 BR8103085
100 1 _aMaier, J.C.
245 1 _aFontes de pigmentacao para aves em crescimento em dietas a base de sorgo [Racao; Sorghum spp; Frango]
246 1 _a[Pigmentation sources for growing chicks in sorghum diets [Feed; Sorghum spp]]
246 1 _a[Sorghum. Research findings]
260 3 _aPelotas, RS (Brasil):
_c1980.
500 _aSorgo. Resultados de pesquisa Pelotas, RS (Brasil): 1980. p. 92-93 (BR8103085-AM)L30
650 _aNutricao animal
650 _aRacao
650 _aSorgo
650 _aFrango
650 _aDieta
650 _aGanho de peso
773 0 _tSorgo. Resultados de pesquisa [Sorghum halepense; Sorgo acucareiro; Sorghum vulgare; Sorgo forrageiro; Brasil]
_w0170 BR8103064
_gPelotas, RS (Brasil), 1980.
_q93 p.
909 _a202404
_bLucia
_c55
_dLucia Elande
942 _cAM
_2AGRIS
999 _c313263
_d313263